[Event "I Memorial Vanderley Cason Melo"]
[Site "Campinas BRA"]
[Date "2010.01.16"]
[Round "1.1"]
[White "Mekhitarian, Krikor Sevag"]
[Black "Santos, Marcus Vinicius M"]
[Result "1/2-1/2"]
[WhiteElo "2486"]
[BlackElo "2394"]
[PlyCount "61"]
[EventDate "2010.01.16"]
[EventType "tourn"]
[EventRounds "1"]
[EventCountry "BRA"]
[EventCategory "8"]
[Source "lmi"]
[SourceDate "2010.01.16"]

1. e4 c6 2. d4 d5 3. e5 c5 4. dxc5 Nc6 5. Nf3 Bg4 6. Bb5 Qa5+ 7. Nc3 e6 8. Be3
Nge7 9. a3 O-O-O 10. b4 Bxf3 11. Qxf3 Nxb4 12. O-O Nxc2 13. Rac1 Qxc3 14. Qxf7
Qa5 15. c6 Qxb5 16. cxb7+ Kb8 17. Rxc2 Qd7 18. Rfc1 d4 19. Rc7 Qxc7 20. Rxc7
Kxc7 21. Bd2 Kxb7 22. Bb4 d3 23. Bxe7 Bxe7 24. Qxe7+ Ka8 25. Qxe6 d2 26. Qc6+
Kb8 27. Qb5+ Kc7 28. Qc4+ Kb6 29. Qb4+ Kc7 30. Qc4+ Kb6 31. Qb4+ 1/2-1/2

[Event "I Memorial Vanderley Cason Melo"]
[Site "Campinas BRA"]
[Date "2010.01.16"]
[Round "1.3"]
[White "De Nucci, Gilberto"]
[Black "Rodriguez Vila, Andres"]
[Result "0-1"]
[WhiteElo "2073"]
[BlackElo "2521"]
[PlyCount "108"]
[EventDate "2010.01.16"]
[EventType "tourn"]
[EventRounds "1"]
[EventCountry "BRA"]
[EventCategory "8"]
[Source "lmi"]
[SourceDate "2010.01.16"]

1. e4 e6 2. d4 d5 3. Nd2 Nf6 4. e5 Nfd7 5. Bd3 c5 6. c3 Nc6 7. Ne2 cxd4 8. cxd4
f6 9. exf6 Nxf6 10. Nf3 Qc7 11. O-O Bd6 12. g3 O-O 13. Bf4 Bd7 14. Rc1 Bxf4 15.
Nxf4 Qb6 16. Qd2 Kh8 17. Bb1 Ne4 18. Bxe4 dxe4 19. Ne5 Nxe5 20. dxe5 Rad8 21.
Rfe1 Bc6 22. Qe3 Qxb2 23. Nxe6 Rd3 24. Re2 Qa3 25. Qg5 Rf7 26. Rce1 Qe7 27. Qg4
Qd7 28. h3 e3 29. Ng5 exf2+ 30. Rxf2 Rxf2 31. Kxf2 Rd2+ 32. Re2 Rxe2+ 33. Qxe2
Qf5+ 34. Nf3 Bd5 35. Qe3 Qc2+ 36. Nd2 Qxa2 37. Qc3 Bc6 38. Qb4 h6 39. Ke3 Kh7
40. Qd6 Qd5 41. Qxd5 Bxd5 42. Kd4 Be6 43. Kc5 Bxh3 44. Kd6 Kg8 45. e6 a5 46.
Nc4 a4 47. Na3 Bg2 48. Kd7 Bd5 49. Kd6 Bc6 50. Nc4 Kf8 51. e7+ Ke8 52. Ke6 Bd7+
53. Kd6 Bb5 54. Na3 Bd3 0-1

[Event "I Memorial Vanderley Cason Melo"]
[Site "Campinas BRA"]
[Date "2010.01.16"]
[Round "1.5"]
[White "Name, Gabriel Ricardo S"]
[Black "Mareco, Sandro"]
[Result "0-1"]
[WhiteElo "2170"]
[BlackElo "2526"]
[PlyCount "94"]
[EventDate "2010.01.16"]
[EventType "tourn"]
[EventRounds "1"]
[EventCountry "BRA"]
[EventCategory "8"]
[Source "lmi"]
[SourceDate "2010.01.16"]

1. d4 Nf6 2. c4 e6 3. Nc3 Bb4 4. e3 O-O 5. Nge2 d5 6. a3 Be7 7. cxd5 exd5 8. b4
Re8 9. Ng3 c6 10. Bd3 Bd6 11. Bb2 g6 12. Qc2 b6 13. Qb3 Be6 14. Qc2 Nbd7 15.
Nce2 Rc8 16. Qd2 Nf8 17. O-O h5 18. f3 h4 19. Nh1 Qc7 20. h3 Bh2+ 21. Kf2 Rcd8
22. Rfc1 Bd7 23. Kf1 Nh5 24. Rc2 Qd6 25. Nf2 f5 26. a4 Qe7 27. Bc1 Bd6 28. Rb1
Nh7 29. Ba6 N7f6 30. Nd3 Rb8 31. b5 cxb5 32. Bxb5 Bxb5 33. axb5 Rbc8 34. Rb3
Rc4 35. Nb2 Rxc2 36. Qxc2 Qd7 37. Nd3 Ng3+ 38. Nxg3 hxg3 39. Qd1 Qc7 40. Nb2 g5
41. Bd2 g4 42. Qb1 Qh7 43. h4 Kg7 44. Ke2 gxf3+ 45. gxf3 Qxh4 46. Be1 Qh2+ 47.
Kd3 f4 0-1

[Event "I Memorial Vanderley Cason Melo"]
[Site "Campinas BRA"]
[Date "2010.01.16"]
[Round "1.6"]
[White "Matsuura, Everaldo"]
[Black "Saldaño Dayer, Horacio"]
[Result "1/2-1/2"]
[WhiteElo "2467"]
[BlackElo "2415"]
[PlyCount "108"]
[EventDate "2010.01.16"]
[EventType "tourn"]
[EventRounds "1"]
[EventCountry "BRA"]
[EventCategory "8"]
[Source "lmi"]
[SourceDate "2010.01.16"]

1. e4 e5 2. Nf3 Nc6 3. Bb5 a6 4. Ba4 Nf6 5. O-O Nxe4 6. d4 b5 7. Bb3 d5 8. dxe5
Be6 9. c3 Be7 10. Nbd2 Nc5 11. Bc2 Bg4 12. Re1 Qd7 13. Nf1 Rd8 14. Ne3 Bh5 15.
Bf5 Ne6 16. g4 Bg6 17. Qc2 O-O 18. Rd1 d4 19. Qe4 d3 20. b4 Bxf5 21. gxf5 Ng5
22. Nxg5 Bxg5 23. f4 Be7 24. Rd2 Nb8 25. Ba3 a5 26. Rad1 Qc6 27. Qxc6 Nxc6 28.
Rxd3 Rxd3 29. Rxd3 axb4 30. cxb4 Nxb4 31. Rb3 c5 32. Bxb4 cxb4 33. Nd5 Bc5+ 34.
Kg2 Ra8 35. Nxb4 Bxb4 36. Rxb4 Rxa2+ 37. Kg3 Ra5 38. h4 Kf8 39. h5 Ke7 40. h6
gxh6 41. Kg4 f6 42. e6 h5+ 43. Kxh5 Ra4 44. Rxb5 Rxf4 45. Ra5 Ke8 46. Rc5 Ke7
47. Rd5 Ke8 48. Rb5 Ke7 49. Ra5 Ke8 50. Kh6 Ke7 51. Kxh7 Rh4+ 52. Kg6 Rg4+ 53.
Kh5 Rg5+ 54. Kh6 Ke8 1/2-1/2

[Event "I Memorial Vanderley Cason Melo"]
[Site "Campinas BRA"]
[Date "2010.01.16"]
[Round "1.7"]
[White "Flores, Diego"]
[Black "Stamenkovic, Dragan"]
[Result "1/2-1/2"]
[WhiteElo "2599"]
[BlackElo "2394"]
[PlyCount "80"]
[EventDate "2010.01.16"]
[EventType "tourn"]
[EventRounds "1"]
[EventCountry "BRA"]
[EventCategory "8"]
[Source "lmi"]
[SourceDate "2010.01.16"]

1. c4 Nf6 2. Nc3 d5 3. cxd5 Nxd5 4. g3 e5 5. Bg2 Nb6 6. Nf3 Nc6 7. O-O Be7 8.
a3 O-O 9. b4 Be6 10. d3 f6 11. Bb2 a5 12. b5 Nd4 13. Nd2 Rb8 14. e3 Nf5 15. Qc2
Rf7 16. Rfd1 Bf8 17. Nc4 Nxc4 18. dxc4 Qe8 19. Be4 g6 20. Bd5 c6 21. Bxe6 Qxe6
22. Ne4 cxb5 23. cxb5 Nd6 24. Nxd6 Bxd6 25. Rac1 Bf8 26. Qc4 Re8 27. Qxe6 Rxe6
28. Rc8 Kg7 29. Kg2 Rd6 30. Rxd6 Bxd6 31. Kf3 Rd7 32. a4 Kf7 33. e4 Rc7 34.
Rxc7+ Bxc7 35. Ba3 Bb6 36. Ke2 Ke6 37. f3 Bg1 38. h3 Bd4 39. Kd3 Bg1 40. Kc4 b6
1/2-1/2

[Event "I Memorial Vanderley Cason Melo"]
[Site "Campinas BRA"]
[Date "2010.01.17"]
[Round "2.1"]
[White "Santos, Marcus Vinicius M"]
[Black "Stamenkovic, Dragan"]
[Result "1/2-1/2"]
[WhiteElo "2394"]
[BlackElo "2394"]
[PlyCount "38"]
[EventDate "2010.01.16"]
[EventType "tourn"]
[EventRounds "1"]
[EventCountry "BRA"]
[EventCategory "8"]
[Source "lmi"]
[SourceDate "2010.01.16"]

1. d4 d5 2. c4 c6 3. Nf3 Nf6 4. e3 e6 5. b3 Nbd7 6. Bb2 b6 7. Bd3 Bb7 8. O-O
Be7 9. Nc3 O-O 10. Qc2 h6 11. Rad1 Qc7 12. Ne5 Nxe5 13. dxe5 Ng4 14. h3 Nxe5
15. Bh7+ Kh8 16. cxd5 cxd5 17. Nxd5 Qxc2 18. Bxc2 Bxd5 19. Bxe5 Rac8 1/2-1/2

[Event "I Memorial Vanderley Cason Melo"]
[Site "Campinas BRA"]
[Date "2010.01.17"]
[Round "2.2"]
[White "Saldaño Dayer, Horacio"]
[Black "Flores, Diego"]
[Result "1/2-1/2"]
[WhiteElo "2415"]
[BlackElo "2599"]
[PlyCount "37"]
[EventDate "2010.01.16"]
[EventType "tourn"]
[EventRounds "1"]
[EventCountry "BRA"]
[EventCategory "8"]
[Source "lmi"]
[SourceDate "2010.01.16"]

1. e4 c5 2. Nf3 e6 3. c3 Nf6 4. e5 Nd5 5. d4 cxd4 6. cxd4 d6 7. Bc4 Nb6 8. Bd3
Bd7 9. O-O Bc6 10. Nc3 N8d7 11. Qe2 Be7 12. Be4 Bxe4 13. Qxe4 dxe5 14. dxe5 O-O
15. Qxb7 Nc5 16. Qc6 Rc8 17. Qb5 a6 18. Qe2 Qd3 19. Rd1 1/2-1/2

[Event "I Memorial Vanderley Cason Melo"]
[Site "Campinas BRA"]
[Date "2010.01.17"]
[Round "2.4"]
[White "El Debs, Felipe de Cresce"]
[Black "Name, Gabriel Ricardo S"]
[Result "1-0"]
[WhiteElo "2480"]
[BlackElo "2170"]
[PlyCount "101"]
[EventDate "2010.01.16"]
[EventType "tourn"]
[EventRounds "1"]
[EventCountry "BRA"]
[EventCategory "8"]
[Source "lmi"]
[SourceDate "2010.01.16"]

1. Nf3 Nf6 2. c4 e6 3. g3 b6 4. Bg2 Bb7 5. O-O c5 6. Nc3 Be7 7. d4 cxd4 8. Qxd4
d6 9. Bg5 a6 10. Bxf6 Bxf6 11. Qf4 O-O 12. Rfd1 Be7 13. Ne4 Bxe4 14. Qxe4 Ra7
15. Nd4 Qc8 16. b3 Re8 17. e3 Bf8 18. Rac1 Rc7 19. Qb1 g6 20. a4 Rc5 21. b4 Rc7
22. Rc2 Nd7 23. Rdc1 Ne5 24. Qb3 Nd7 25. b5 a5 26. Bc6 Nc5 27. Qa3 Rd8 28. Rd1
Bg7 29. Rcd2 Bf8 30. Qa2 Bg7 31. Qc2 Bf8 32. h4 h5 33. Kh2 Bg7 34. Nb3 Nxb3 35.
Qxb3 Bf8 36. e4 Qb8 37. Qe3 Rcc8 38. Rd3 Qc7 39. R1d2 Rb8 40. e5 Kh7 41. Qf3
Kg8 42. Qd1 d5 43. cxd5 Qxe5 44. dxe6 Rxd3 45. exf7+ Kxf7 46. Rxd3 Bc5 47. Rd7+
Be7 48. Qb3+ Kf8 49. Qd3 Qf6 50. Qe3 Kf7 51. Rxe7+ 1-0

[Event "I Memorial Vanderley Cason Melo"]
[Site "Campinas BRA"]
[Date "2010.01.17"]
[Round "2.5"]
[White "Rodriguez Vila, Andres"]
[Black "Zambrana, Oswaldo"]
[Result "1/2-1/2"]
[WhiteElo "2521"]
[BlackElo "2481"]
[PlyCount "30"]
[EventDate "2010.01.16"]
[EventType "tourn"]
[EventRounds "1"]
[EventCountry "BRA"]
[EventCategory "8"]
[Source "lmi"]
[SourceDate "2010.01.16"]

1. d4 Nf6 2. Nf3 e6 3. e3 c5 4. Bd3 b6 5. O-O Bb7 6. b3 Be7 7. Bb2 cxd4 8. exd4
O-O 9. Nbd2 d6 10. c4 Nbd7 11. Re1 Re8 12. Rc1 Rc8 13. b4 Bf8 14. Qb3 h6 15.
Bb1 a6 1/2-1/2

[Event "I Memorial Vanderley Cason Melo"]
[Site "Campinas BRA"]
[Date "2010.01.17"]
[Round "2.6"]
[White "Fier, Alexandr"]
[Black "De Nucci, Gilberto"]
[Result "1-0"]
[WhiteElo "2601"]
[BlackElo "2073"]
[PlyCount "87"]
[EventDate "2010.01.16"]
[EventType "tourn"]
[EventRounds "1"]
[EventCountry "BRA"]
[EventCategory "8"]
[Source "lmi"]
[SourceDate "2010.01.16"]

1. d4 Nf6 2. Nf3 e6 3. c4 d5 4. Nc3 Be7 5. Bf4 c6 6. e3 Nbd7 7. h3 O-O 8. cxd5
exd5 9. Bd3 Re8 10. O-O Nf8 11. Rb1 Ng6 12. Bh2 Bd6 13. Bxd6 Qxd6 14. Qc2 Qe7
15. b4 Bd7 16. b5 cxb5 17. Bxb5 Rac8 18. Qb3 Bxb5 19. Nxb5 a6 20. Nc3 Qd6 21.
Rfc1 b5 22. a4 bxa4 23. Nxa4 Rxc1+ 24. Rxc1 Rb8 25. Rc6 Qxc6 26. Qxb8+ Nf8 27.
Nc5 N6d7 28. Nxd7 Qxd7 29. Ne5 Qe6 30. Qa8 g5 31. Nd3 Kg7 32. Nc5 Qf5 33. Qxa6
Ng6 34. Qd3 Kf6 35. Qb3 h5 36. Na4 Kg7 37. Nb6 Ne7 38. Qb4 Qe6 39. Qc5 Kg6 40.
Qc7 h4 41. Nd7 Kg7 42. Nc5 Qf6 43. Qd8 Kh6 44. Nd7 1-0

[Event "I Memorial Vanderley Cason Melo"]
[Site "Campinas BRA"]
[Date "2010.01.17"]
[Round "2.7"]
[White "Mekhitarian, Krikor Sevag"]
[Black "Leitao, Rafael"]
[Result "1/2-1/2"]
[WhiteElo "2486"]
[BlackElo "2620"]
[PlyCount "53"]
[EventDate "2010.01.16"]
[EventType "tourn"]
[EventRounds "1"]
[EventCountry "BRA"]
[EventCategory "8"]
[Source "lmi"]
[SourceDate "2010.01.16"]

1. d4 Nf6 2. c4 e6 3. Nc3 Bb4 4. g3 c5 5. Nf3 cxd4 6. Nxd4 Ne4 7. Qd3 Bxc3+ 8.
bxc3 Nc5 9. Qf3 d6 10. Bg2 e5 11. Qe3 Be6 12. Nxe6 fxe6 13. f4 exf4 14. gxf4
Qh4+ 15. Qg3 Qxg3+ 16. hxg3 Nbd7 17. Be3 Rc8 18. Rd1 Ke7 19. g4 Na4 20. Rb1 b6
21. Rb4 Nac5 22. Kd2 Rc7 23. Kc2 Na6 24. Ra4 Nac5 25. Rb4 Na6 26. Ra4 Nac5 27.
Rb4 1/2-1/2

[Event "I Memorial Vanderley Cason Melo"]
[Site "Campinas BRA"]
[Date "2010.01.17"]
[Round "3.1"]
[White "Leitao, Rafael"]
[Black "Santos, Marcus Vinicius M"]
[Result "1-0"]
[WhiteElo "2620"]
[BlackElo "2394"]
[PlyCount "71"]
[EventDate "2010.01.16"]
[EventType "tourn"]
[EventRounds "1"]
[EventCountry "BRA"]
[EventCategory "8"]
[Source "lmi"]
[SourceDate "2010.01.16"]

1. d4 Nf6 2. Nf3 g6 3. c4 Bg7 4. g3 O-O 5. Bg2 d5 6. cxd5 Nxd5 7. O-O Nc6 8.
Nc3 Nb6 9. d5 Na5 10. e4 c6 11. Bf4 cxd5 12. Nxd5 Nxd5 13. exd5 Nc4 14. Qb3
Nxb2 15. Be5 Qb6 16. Bxg7 Qxb3 17. axb3 Kxg7 18. Rfe1 Kf6 19. Ne5 Bf5 20. Re3
Rfd8 21. g4 Bc2 22. g5+ Kg7 23. Ra2 Nd1 24. Rf3 Bf5 25. Rd2 f6 26. gxf6+ exf6
27. Nc4 b5 28. Na5 Rac8 29. Rxd1 Bg4 30. Re1 Bxf3 31. Bxf3 Kf7 32. Nc6 Re8 33.
Rd1 Rc7 34. d6 Rd7 35. Na5 Red8 36. Nb7 1-0

[Event "I Memorial Vanderley Cason Melo"]
[Site "Campinas BRA"]
[Date "2010.01.17"]
[Round "3.2"]
[White "De Nucci, Gilberto"]
[Black "Mekhitarian, Krikor Sevag"]
[Result "0-1"]
[WhiteElo "2073"]
[BlackElo "2486"]
[PlyCount "82"]
[EventDate "2010.01.16"]
[EventType "tourn"]
[EventRounds "1"]
[EventCountry "BRA"]
[EventCategory "8"]
[Source "lmi"]
[SourceDate "2010.01.16"]

1. d4 Nf6 2. c4 g6 3. Nc3 d5 4. g4 dxc4 5. g5 Nd5 6. Bg2 c6 7. Qa4 Nb6 8. Qa5
Bg7 9. Bf4 O-O 10. Bg3 Nd5 11. Qc5 Na6 12. Qa3 Bxd4 13. Rd1 Bc5 14. Qa4 b5 15.
Qc2 Qa5 16. Rd2 Be6 17. Nf3 Rfd8 18. O-O Nab4 19. Qb1 Nxc3 20. bxc3 Nd5 21. Qc1
Nxc3 22. Ne5 Rxd2 23. Qxd2 Rd8 24. Qc2 Bf5 25. e4 Bd7 26. Rc1 Bd4 27. Nf3 Bg7
28. Be5 Bxe5 29. Nxe5 b4 30. Nxc4 Qxg5 31. Ne3 Bh3 32. Re1 Bxg2 33. Nxg2 Qd2
34. Qb3 a5 35. Qc4 Qxa2 36. Qxc6 Rd2 37. Qe8+ Kg7 38. Qxe7 Rxf2 39. Qe5+ Rf6
40. Nf4 Qd2 41. Ng2 a4 0-1

[Event "I Memorial Vanderley Cason Melo"]
[Site "Campinas BRA"]
[Date "2010.01.17"]
[Round "3.3"]
[White "Zambrana, Oswaldo"]
[Black "Fier, Alexandr"]
[Result "1/2-1/2"]
[WhiteElo "2481"]
[BlackElo "2601"]
[PlyCount "144"]
[EventDate "2010.01.16"]
[EventType "tourn"]
[EventRounds "1"]
[EventCountry "BRA"]
[EventCategory "8"]
[Source "lmi"]
[SourceDate "2010.01.16"]

1. e4 c5 2. Nf3 d6 3. d4 cxd4 4. Nxd4 Nf6 5. Nc3 g6 6. Be3 Bg7 7. f3 O-O 8. Qd2
Nc6 9. Bc4 Bd7 10. Bb3 Nxd4 11. Bxd4 b5 12. a4 bxa4 13. Bxa4 Be6 14. Bc6 Rc8
15. Bd5 Rb8 16. Bxe6 fxe6 17. Ra2 a5 18. O-O Rb4 19. Ne2 e5 20. Bc3 Qb6+ 21.
Kh1 Nxe4 22. Qd5+ Kh8 23. Bxb4 Nf2+ 24. Rxf2 Qxf2 25. Bxa5 Qxe2 26. Qd3 Qf2 27.
Ra1 Qa7 28. Qd1 Qb7 29. Bc3 d5 30. Qe1 d4 31. Bb4 e4 32. fxe4 Rf4 33. Bd2 Rxe4
34. Qf1 h5 35. Qf3 Qd5 36. h3 Qe6 37. Qd3 Re2 38. b4 Rf2 39. Kg1 Qe2 40. Qxe2
Rxe2 41. Rd1 Re5 42. Re1 Rb5 43. Rxe7 Bf8 44. Re1 Kg8 45. Rb1 Kf7 46. Kf1 Ke6
47. Ke2 Kd5 48. Kd3 Rb8 49. Ra1 Bxb4 50. Bxb4 Rxb4 51. Ra5+ Ke6 52. h4 Kf6 53.
g3 Ke6 54. Rg5 Kf6 55. Rd5 Ke6 56. Rxd4 Rb1 57. Re4+ Kf6 58. Re3 Rd1+ 59. Ke2
Rd8 60. c4 Rd4 61. Rc3 Ke7 62. c5 Rg4 63. Kf3 g5 64. Re3+ Kd7 65. Re4 gxh4 66.
gxh4 Rxe4 67. Kxe4 Kc6 68. Kd4 Kc7 69. Kd5 Kd7 70. c6+ Kc7 71. Kc5 Kc8 72. Kd6
Kd8 1/2-1/2

[Event "I Memorial Vanderley Cason Melo"]
[Site "Campinas BRA"]
[Date "2010.01.17"]
[Round "3.4"]
[White "Name, Gabriel Ricardo S"]
[Black "Rodriguez Vila, Andres"]
[Result "0-1"]
[WhiteElo "2170"]
[BlackElo "2521"]
[PlyCount "114"]
[EventDate "2010.01.16"]
[EventType "tourn"]
[EventRounds "1"]
[EventCountry "BRA"]
[EventCategory "8"]
[Source "lmi"]
[SourceDate "2010.01.16"]

1. d4 f5 2. g3 Nf6 3. Bg2 g6 4. c4 Bg7 5. Nc3 O-O 6. Nf3 d6 7. d5 c5 8. dxc6
bxc6 9. Nd4 Bd7 10. O-O e5 11. Nc2 Be6 12. b3 Rf7 13. Bb2 a5 14. Na4 Qc7 15. e3
Na6 16. f4 e4 17. Bc3 c5 18. Rf2 Nb4 19. Rd2 Rd7 20. Na3 Qc6 21. Bf1 Rb8 22. h3
h6 23. Rc1 g5 24. Nb5 gxf4 25. gxf4 Nd3 26. Bxd3 exd3 27. Bxf6 Bxf6 28. Rg2+
Kh7 29. Qxd3 d5 30. Qe2 dxc4 31. bxc4 Rg8 32. Rxg8 Bxg8 33. Kh2 Bh4 34. Nb2 Rg7
35. Rg1 Rxg1 36. Kxg1 Qg6+ 37. Qg2 Qxg2+ 38. Kxg2 Bf6 39. Nd1 Bxc4 40. Nbc3 Kg6
41. a3 Bb3 42. Kf3 Kh5 43. e4 fxe4+ 44. Kxe4 Bd4 45. Kd3 Kh4 46. Ne3 Kxh3 47.
Nf5 h5 48. Nxd4 cxd4 49. Kxd4 h4 50. Ne4 Kg4 51. Ke3 Bc2 52. Ng5 Kg3 53. Ke2
Kxf4 54. Nh3+ Kg3 55. Ng5 Kg4 56. Nf7 h3 57. Kf2 Be4 0-1

[Event "I Memorial Vanderley Cason Melo"]
[Site "Campinas BRA"]
[Date "2010.01.17"]
[Round "3.6"]
[White "Flores, Diego"]
[Black "Mareco, Sandro"]
[Result "1-0"]
[WhiteElo "2599"]
[BlackElo "2526"]
[PlyCount "115"]
[EventDate "2010.01.16"]
[EventType "tourn"]
[EventRounds "1"]
[EventCountry "BRA"]
[EventCategory "8"]
[Source "lmi"]
[SourceDate "2010.01.16"]

1. d4 Nf6 2. c4 e6 3. Nc3 Bb4 4. e3 O-O 5. Nge2 d5 6. a3 Be7 7. cxd5 exd5 8. g3
a5 9. Bg2 c6 10. O-O Na6 11. f3 Nc7 12. e4 dxe4 13. fxe4 c5 14. d5 Ng4 15. Bf4
Bd6 16. Qd2 Ne5 17. Rad1 Ra6 18. Nc1 Bg4 19. Rde1 c4 20. Qd4 Qe7 21. Kh1 b5 22.
a4 b4 23. Nb5 Nxb5 24. axb5 Raa8 25. Bxe5 Bxe5 26. Qxc4 Rfc8 27. Qa2 a4 28. Nd3
b3 29. Qa3 Bd6 30. Qa1 f6 31. e5 fxe5 32. Re4 Bh5 33. Rxa4 Rxa4 34. Qxa4 Be2
35. Rc1 Qd7 36. Qxb3 Rxc1+ 37. Nxc1 Bxb5 38. Na2 Be2 39. Nc3 Bg4 40. Qc4 Qf5
41. Ne4 Bf3 42. Qd3 Bxe4 43. Bxe4 Qf2 44. Bxh7+ Kh8 45. Qf5 Qxf5 46. Bxf5 g5
47. Kg2 Kg7 48. Kf3 Kf6 49. Be4 Bc5 50. Kg4 Bb4 51. h4 gxh4 52. Kxh4 Bc5 53. g4
Bb4 54. g5+ Ke7 55. Kg4 Bd2 56. Kf5 Be3 57. b4 Bf4 58. b5 1-0

[Event "I Memorial Vanderley Cason Melo"]
[Site "Campinas BRA"]
[Date "2010.01.17"]
[Round "3.7"]
[White "Stamenkovic, Dragan"]
[Black "Saldaño Dayer, Horacio"]
[Result "1/2-1/2"]
[WhiteElo "2394"]
[BlackElo "2415"]
[PlyCount "32"]
[EventDate "2010.01.16"]
[EventType "tourn"]
[EventRounds "1"]
[EventCountry "BRA"]
[EventCategory "8"]
[Source "lmi"]
[SourceDate "2010.01.16"]

1. d4 d5 2. Nf3 c5 3. c3 Nf6 4. Bf4 Qb6 5. Qb3 c4 6. Qxb6 axb6 7. Nbd2 Nc6 8.
a3 b5 9. Rc1 h6 10. e3 Bf5 11. Be2 e6 12. Bd1 Nd7 13. O-O g5 14. Bg3 Bd3 15.
Re1 f5 16. Ne5 Ndxe5 1/2-1/2

[Event "I Memorial Vanderley Cason Melo"]
[Site "Campinas BRA"]
[Date "2010.01.18"]
[Round "4.1"]
[White "Santos, Marcus Vinicius M"]
[Black "Saldaño Dayer, Horacio"]
[Result "1/2-1/2"]
[WhiteElo "2394"]
[BlackElo "2415"]
[PlyCount "57"]
[EventDate "2010.01.16"]
[EventType "tourn"]
[EventRounds "1"]
[EventCountry "BRA"]
[EventCategory "8"]
[Source "lmi"]
[SourceDate "2010.01.16"]

1. d4 d5 2. c4 e6 3. Nf3 Nf6 4. g3 Bb4+ 5. Bd2 a5 6. Bg2 Nc6 7. Qc2 dxc4 8.
Qxc4 Qd5 9. Qd3 Qe4 10. Qxe4 Nxe4 11. O-O Nxd2 12. Nbxd2 O-O 13. Nc4 a4 14. a3
Be7 15. Rac1 Rd8 16. e3 Bd7 17. Rc2 Be8 18. Rfc1 Nb8 19. Ncd2 Bc6 20. Ne5 Bxg2
21. Rxc7 Bd6 22. Rc8 Nc6 23. Rxa8 Rxa8 24. Nec4 Bxg3 25. hxg3 Bd5 26. Nb6 Ra6
27. Ndc4 Bxc4 28. Nxc4 h5 29. Kg2 1/2-1/2

[Event "I Memorial Vanderley Cason Melo"]
[Site "Campinas BRA"]
[Date "2010.01.18"]
[Round "4.3"]
[White "El Debs, Felipe de Cresce"]
[Black "Flores, Diego"]
[Result "1/2-1/2"]
[WhiteElo "2480"]
[BlackElo "2599"]
[PlyCount "66"]
[EventDate "2010.01.16"]
[EventType "tourn"]
[EventRounds "1"]
[EventCountry "BRA"]
[EventCategory "8"]
[Source "lmi"]
[SourceDate "2010.01.16"]

1. Nf3 g6 2. c4 Bg7 3. d4 Nf6 4. Nc3 O-O 5. e4 d6 6. Be2 e5 7. Be3 Ng4 8. Bg5
f6 9. Bc1 Nc6 10. d5 Nd4 11. Nxd4 exd4 12. Nb5 f5 13. O-O Ne5 14. exf5 d3 15.
Bxd3 Nxd3 16. Qxd3 Bxf5 17. Qg3 a6 18. Nc3 Be5 19. f4 Bg7 20. Bd2 Qf6 21. b3 b5
22. cxb5 Qd4+ 23. Rf2 axb5 24. Rc1 b4 25. Nb5 Qb6 26. Nxc7 Rxa2 27. Be3 Bd4 28.
Bxd4 Qxd4 29. Ne6 Bxe6 30. dxe6 Re2 31. Qf3 Rxe6 32. Rd1 Qc5 33. Qd5 Qxd5
1/2-1/2

[Event "I Memorial Vanderley Cason Melo"]
[Site "Campinas BRA"]
[Date "2010.01.18"]
[Round "4.4"]
[White "Rodriguez Vila, Andres"]
[Black "Matsuura, Everaldo"]
[Result "0-1"]
[WhiteElo "2521"]
[BlackElo "2467"]
[PlyCount "96"]
[EventDate "2010.01.16"]
[EventType "tourn"]
[EventRounds "1"]
[EventCountry "BRA"]
[EventCategory "8"]
[Source "lmi"]
[SourceDate "2010.01.16"]

1. f4 d5 2. Nf3 g6 3. g3 Bg7 4. Bg2 Nf6 5. O-O O-O 6. d3 c5 7. Qe1 d4 8. c4 Nc6
9. h3 Nd7 10. Na3 e5 11. f5 e4 12. dxe4 Nde5 13. g4 d3 14. Rb1 Nd4 15. Nxd4
Qxd4+ 16. e3 Qd8 17. b3 Bf6 18. Nb5 Bd7 19. Nc3 Bc6 20. Bb2 g5 21. Rd1 Qe7 22.
Rd2 Rad8 23. Qg3 Rfe8 24. Rff2 a6 25. a4 Qd6 26. Qh2 Qc7 27. h4 h6 28. Nd5 Bxd5
29. exd5 Qb6 30. hxg5 hxg5 31. d6 Rxd6 32. Bd5 Qxb3 33. e4 Rxd5 34. cxd5 c4 35.
Bxe5 Rxe5 36. Qh6 Qb6 37. Rb2 Qd8 38. Rxb7 c3 39. Rh2 Bg7 40. Qh5 Re7 41. Rb1
c2 42. Rf1 Qb6+ 43. Kh1 Qb1 44. Qh7+ Kf8 45. Rhf2 c1=Q 46. Kg2 d2 47. f6 Qxf1+
48. Rxf1 Qxf1+ 0-1

[Event "I Memorial Vanderley Cason Melo"]
[Site "Campinas BRA"]
[Date "2010.01.18"]
[Round "4.5"]
[White "Fier, Alexandr"]
[Black "Name, Gabriel Ricardo S"]
[Result "1-0"]
[WhiteElo "2601"]
[BlackElo "2170"]
[PlyCount "43"]
[EventDate "2010.01.16"]
[EventType "tourn"]
[EventRounds "1"]
[EventCountry "BRA"]
[EventCategory "8"]
[Source "lmi"]
[SourceDate "2010.01.16"]

1. d4 Nf6 2. Bg5 e6 3. e4 d5 4. Nc3 dxe4 5. Nxe4 Be7 6. Bxf6 gxf6 7. Nf3 O-O 8.
Qd2 Kh8 9. Bd3 Rg8 10. O-O-O Nd7 11. g4 b6 12. Rhg1 Bb7 13. Rg3 Nf8 14. Rdg1 c5
15. dxc5 bxc5 16. Qc3 c4 17. g5 Ng6 18. gxf6 Bf8 19. Neg5 Bh6 20. Rh3 Qf8 21.
Kb1 Bxf3 22. Rxh6 1-0

[Event "I Memorial Vanderley Cason Melo"]
[Site "Campinas BRA"]
[Date "2010.01.18"]
[Round "4.6"]
[White "Mekhitarian, Krikor Sevag"]
[Black "Zambrana, Oswaldo"]
[Result "0-1"]
[WhiteElo "2486"]
[BlackElo "2481"]
[PlyCount "64"]
[EventDate "2010.01.16"]
[EventType "tourn"]
[EventRounds "1"]
[EventCountry "BRA"]
[EventCategory "8"]
[Source "lmi"]
[SourceDate "2010.01.16"]

1. d4 Nf6 2. c4 e6 3. Nc3 c5 4. d5 exd5 5. cxd5 d6 6. e4 g6 7. Nge2 Bg7 8. Ng3
O-O 9. Be2 Re8 10. O-O Na6 11. Bg5 Bd7 12. Qd2 Nc7 13. a4 a6 14. f4 b5 15. e5
dxe5 16. f5 Bxf5 17. Nxf5 gxf5 18. Rxf5 Ncxd5 19. axb5 axb5 20. Rd1 Nxc3 21.
Qxc3 Qb6 22. Bxf6 Bxf6 23. Rdf1 c4+ 24. Kh1 Bg7 25. Rxf7 Qd4 26. Qg3 e4 27.
R1f6 Ra1+ 28. Bf1 Qxf6 29. Rxf6 e3 30. Qg5 e2 31. Qd5+ Kh8 32. Qf7 Rf8 0-1

[Event "I Memorial Vanderley Cason Melo"]
[Site "Campinas BRA"]
[Date "2010.01.19"]
[Round "5.1"]
[White "De Nucci, Gilberto"]
[Black "Santos, Marcus Vinicius M"]
[Result "1/2-1/2"]
[WhiteElo "2073"]
[BlackElo "2394"]
[PlyCount "29"]
[EventDate "2010.01.16"]
[EventType "tourn"]
[EventRounds "1"]
[EventCountry "BRA"]
[EventCategory "8"]
[Source "lmi"]
[SourceDate "2010.01.16"]

1. Nf3 Nf6 2. d4 g6 3. c4 Bg7 4. Nc3 d5 5. Bg5 O-O 6. e3 Ne4 7. Bf4 Nxc3 8.
bxc3 c5 9. cxd5 cxd4 10. cxd4 Qxd5 11. Be2 Qa5+ 12. Qd2 Qxd2+ 13. Nxd2 Nc6 14.
Rb1 e5 15. dxe5 1/2-1/2